1973 1859 1832 1623 1939 1442 1379 1449 1815 1163 1834 1184 1211 1539 1664 1603 1164 1768 1686 1921 1569 1297 1195 1276 1102 1907 1442 1074 1897 1244 1690 1197 1308 1850 1354 1618 1131 1871 1663 1336 1586 1701 1333 1681 1389 1790 1772 1933 1951 1072 1551 1228 1607 1008 1246 1034 1588 1861 1511 1151 1466 1980 1928 1317 1695 1184 1080 1929 1513 1957 1282 1592 1726 1792 1994 1138 1884 1697 1030 1690 1403 1971 1287 1171 1837 1560 1117 1990 1604 1080 1724 1056 1336 1419 1767 1092 1984 1654 1963 BCNSPRNW ULIB Ver.6.0+V

เปลี่ยนเป็นภาษาไทย

Change to English
 แสดงรายละเอียดบรรณานุกรม
  กลับหน้าหลัก

Brief Record : Get Marc (ISO 2709) : E-mail record : QR code < ปิดหน้าต่าง
LEADER : 00000nam 2200000uu 4500
001    13399127153
003     ULIB
008    020711s2019 th a 000 0 eng d
020    ^a9780323445337
060    ^aQT104^bN974
245    ^aNursing Key Topics Review: Pathophysiology
250    ^a1st ed
260    ^aLouis, Missouri :^bElsevier,^c2019
300    ^a471 pages;^b26 cm
650    ^aPathophysiology
945    ^p1050^l0^i006340
999    ^aประนอม เกษจรัล
รายการนี้ยังไม่มีแท็ก
คุณยังไม่ได้ล็อกอิน คุณสามารถมีกิจกรรมร่วมกับเว็บไซต์ได้ แต่ต้องล็อกอินก่อน ::
  ล็อกอิน

รายการสื่อสารสนเทศ

ลำดับที่ ประเภท เลขเรียก/บาร์โค้ด สถานที่ สถานะ
1. วิทยาศาสตร์การแพทย์ และสุขภาพ
วิทยาศาสตร์การแพทย์ และสุขภาพ
QT104 N974 ฉ.1 
  Barcode: 006340
ห้องสมุดวิทยาเขตสวรรค์ประชารักษ์
►หนังสือทั่วไป
บนชั้น

รายการใกล้เคียง
    หัวเรื่อง [Pathophysiology]

BibComment


ยังไม่เคยถูกคอมเมนท์

คอมเมนท์ทรัพยากรรายการนี้
  คอมเมนท์: Nursing Key Topi..


 Copyright 2026. Bcnsprnw @Library